[Event "Saint Affrique op 22nd"]
[Site "Saint Affrique"]
[Date "2014.07.26"]
[Round "9.42"]
[White "Soblechero, Hugo"]
[Black "Carno, Matthias"]
[Result "1-0"]
[WhiteElo "1575"]
[BlackElo "1897"]
[PlyCount "37"]
[EventDate "2014.07.19"]
[EventType "swiss"]
[EventRounds "9"]
[EventCountry "FRA"]
[SourceTitle "CBM 161 Extra"]
[Source "ChessBase"]
[SourceDate "2014.08.29"]
[SourceVersion "1"]
[SourceVersionDate "2014.08.29"]
[SourceQuality "1"]

1. d4 g6 2. Bf4 Bg7 3. Nf3 d6 4. e3 Nf6 5. Nbd2 0-0 6. Be2 Nbd7 7. c3 Re8 8. Qc2 c5 9. h4 a6 10. h5 Nxh5 11. Rxh5 gxh5 12. Ng5 h6 13. Qh7+ Kf8 14. Nxf7 Nf6 15. Qg6 Bf5 16. Qxf5 Kxf7 17. Bxh5+ Kg8 18. Bxe8 Qxe8 19. dxc5 1-0

[Event "Saint Affrique op 22nd"]
[Site "Saint Affrique"]
[Date "2014.07.24"]
[Round "7"]
[White "Grimault, Nathan"]
[Black "Soblechero, Hugo"]
[Result "1-0"]
[WhiteElo "1820"]
[BlackElo "1575"]
[PlyCount "117"]
[EventDate "2014.07.19"]
[EventType "swiss"]
[EventRounds "9"]
[EventCountry "FRA"]
[SourceTitle "CBM 161 Extra"]
[Source "ChessBase"]
[SourceDate "2014.08.29"]
[SourceVersion "1"]
[SourceVersionDate "2014.08.29"]
[SourceQuality "1"]

1. c4 b6 2. Nc3 Bb7 3. d4 e6 4. Nf3 Nf6 5. Qc2 Bb4 6. Bg5 0-0 7. Bxf6 Qxf6 8. e4 Qg6 9. Ne5 Qxe4+ 10. Qxe4 Bxe4 11. f3 Bb7 12. 0-0-0 d6 13. Nd3 Bxc3 14. bxc3 c5 15. dxc5 dxc5 16. Ne5 Nc6 17. Nxc6 Bxc6 18. Rd6 Bb7 19. Be2 Rfd8 20. Rhd1 Rxd6 21. Rxd6 Kf8 22. Rd7 Bc8 23. Rc7 a5 24. Bd3 h6 25. Kd2 g5 26. Be4 Rb8 27. Bc6 Kg7 28. Ke3 Ba6 29. Bb5 Bb7 30. Be8 Bxf3 31. Rxf7+ Kg8 32. Kxf3 Rxe8 33. Rb7 Rd8 34. Ke3 Rd6 35. g4 Kf8 36. a4 e5 37. Ke4 Re6 38. Kf5 Rd6 39. Kxe5 Rd3 40. Rxb6 Rxc3 41. Kd5 Ra3 42. Rxh6 Rxa4 43. Kxc5 Kg7 44. Ra6 Ra2 45. Kd5 a4 46. Ke4 a3 47. Kf5 Rxh2 48. Rxa3 Rc2 49. Ra7+ Kf8 50. Kf6 Ke8 51. Rc7 Kd8 52. Rc5 Kd7 53. Kxg5 Kd6 54. Rd5+ Kc6 55. Rd4 Kc5 56. Rf4 Re2 57. Kg6 Re8 58. g5 Rg8+ 59. Kh6 1-0

[Event "Saint Affrique op 22nd"]
[Site "Saint Affrique"]
[Date "2014.07.21"]
[Round "3"]
[White "Riviere, Gerard"]
[Black "Soblechero, Hugo"]
[Result "1-0"]
[WhiteElo "1791"]
[BlackElo "1575"]
[PlyCount "67"]
[EventDate "2014.07.19"]
[EventType "swiss"]
[EventRounds "9"]
[EventCountry "FRA"]
[SourceTitle "CBM 161 Extra"]
[Source "ChessBase"]
[SourceDate "2014.08.29"]
[SourceVersion "1"]
[SourceVersionDate "2014.08.29"]
[SourceQuality "1"]

1. d4 Nf6 2. Nf3 d5 3. g3 Bf5 4. Bg2 e6 5. 0-0 Bd6 6. c4 c6 7. Qb3 Qb6 8. c5 Qxb3 9. axb3 Bc7 10. Nc3 Nbd7 11. b4 0-0 12. b5 e5 13. dxe5 Nxe5 14. Nxe5 Bxe5 15. bxc6 bxc6 16. Ra6 Bc8 17. Ra4 Re8 18. Bf4 Bxc3 19. bxc3 Rxe2 20. Bf3 Re8 21. Rfa1 a6 22. Rb4 Re6 23. Bd6 Ne8 24. Bg4 Rg6 25. Bxc8 Rxc8 26. Bb8 Nf6 27. f3 Nd7 28. Bd6 Re6 29. Rxa6 Re3 30. Rb7 Nf6 31. Raa7 Ne8 32. Rxf7 h6 33. f4 Ra8 34. Rf8+ 1-0